| 000 | 00627nam a2200205 i 4500 | ||
|---|---|---|---|
| 001 | 29895 | ||
| 003 | ES-MaACL | ||
| 005 | 20250701112842.0 | ||
| 007 | t| | ||
| 008 | 030123s1919 sp |||| | spa d | ||
| 100 | 1 |
_aBaroja, Pío, _d1872-1956 _925752 |
|
| 245 | 1 | 0 |
_aMomentum catastrophicum / _cPío Baroja. |
| 260 |
_aMadrid : _bCaro Raggio, _c1919. |
||
| 300 |
_a90 p. ; _c13 cm. |
||
| 530 | _aDisponible en formato digital. | ||
| 852 |
_aES-MaACL _jB-285 _cSPB _zRevisado: 1 de Junio 2025 |
||
| 856 | 4 |
_uhttps://archive.org/details/momentumcatastro00baro/page/7 _yInternet Archive |
|
| 942 | _2udc | ||
| 999 |
_c29895 _d29895 |
||